| 000 | 00521nam a2200169Ia 4500 | ||
|---|---|---|---|
| 008 | 230917s9999||||xx |||||||||||||| ||und|| | ||
| 020 | _cGBP29.99 | ||
| 040 |
_e223179 _aMAIN |
||
| 041 | _aEnglish | ||
| 082 | _a658.3 S89D | ||
| 100 | _aStrycharczyk, Doug | ||
| 245 | 0 | _aDeveloping resilient organizations: How to create an adaptive, high-performance and engaged organization | |
| 260 |
_aLondon _bKogan Page _c2014 |
||
| 300 | _axiii, 246 p. | ||
| 500 | _a1867 20/01/2015 TBS2201 06/02/2015 Main Budget | ||
| 942 | _cBK | ||
| 999 |
_c13872 _d13872 |
||